[Event "22nd Hampstead: Under 2200"]
[Site "London, England"]
[Date "2014.10.25"]
[Round "2"]
[White "Bonafont, Philip R"]
[Black "Covey, Jason"]
[Result "1-0"]
[WhiteElo "2030"]
[BlackElo "1547"]

1. d4 e6 2. c4 f5 3. Nf3 Nf6 4. g3 Be7 5. Bg2 O-O 6. O-O d6 7. Nc3 Ne4 8. Qc2
Nxc3 9. Qxc3 a5 10. b3 Bf6 11. Bb2 Nc6 12. Qd2 e5 13. d5 Ne7 14. c5 Qe8 15.
cxd6 cxd6 16. Ng5 Ng6 17. Rac1 Qe7 18. Ne6 Bxe6 19. dxe6 Bg5 20. e3 f4 21. Bd5
fxe3 22. fxe3 Rxf1+ 23. Rxf1 Qc7 24. e7+ Kh8 25. Rf7 Qb6 26. Bc1 Rc8 27. Kf2
Nxe7 28. Be6 Re8 29. h4 Ng6 30. Bd5 Bh6 31. Rxb7 Qc5 32. Be4 Nf4 33. gxf4 exf4
34. Qc2 fxe3+ 35. Ke1 e2 36. Qxc5 dxc5 37. Bxh6 gxh6 38. Rxh7+ Kg8 39. Bc2 a4
40. Rxh6 axb3 41. Bxb3+ Kg7 42. Rc6 Re4 43. h5 Re5 44. h6+ Kh8 45. a4 Rh5 46.
Kxe2 Rh2+ 47. Kd3 Rh3+ 48. Kc4 Rh4+ 49. Kxc5 Rh5+ 50. Kb6 Rh4 51. Bc2 Rb4+ 52.
Ka7 Rg4 53. Rc8+ Rg8 54. Rxg8+ Kxg8 55. Kb7 Kf7 56. a5 Kf6 57. a6 Kf7 58. a7
Kf6 59. a8=Q Kf7 60. h7 Ke6 61. h8=Q Kd5 62. Qad8+ Kc5 63. Qhd4+ Kb5 64. Ba4#
1-0

[Event "22nd Hampstead: Under 2200"]
[Site "London, England"]
[Date "2014.10.25"]
[Round "2"]
[White "Anbukumar, Hajane"]
[Black "Tombolis, Christopher"]
[Result "1-0"]
[WhiteElo "1833"]
[BlackElo "1487"]

1. c4 e6 2. Nf3 Nf6 3. d4 d5 4. g3 Be7 5. Bg2 O-O 6. O-O b6 7. Ne5 Bb7 8. Nc3
Nbd7 9. h3 c5 10. cxd5 exd5 11. Nxd7 Qxd7 12. dxc5 bxc5 13. Bg5 d4 14. Bxf6
Bxf6 15. Ne4 Bxe4 16. Bxe4 Rab8 17. Qc2 Qxh3 18. Bf5 Qh5 19. Kg2 Rfe8 20. Rh1
Qxe2 21. Bxh7+ Kf8 22. Qxc5+ Be7 23. Qxd4 Rec8 24. Bd3 Bc5 25. Qxc5+ Qe7 26.
Rh8# 1-0

[Event "22nd Hampstead: Under 2200"]
[Site "London, England"]
[Date "2014.10.25"]
[Round "2"]
[White "Silverman, Clifford"]
[Black "Bishop, Geoffrey L"]
[Result "0-1"]
[WhiteElo "1585"]
[BlackElo "1804"]

1. d4 Nf6 2. c4 e6 3. Nf3 b6 4. e3 Bb7 5. Bd3 Be7 6. Nc3 O-O 7. O-O c5 8. Re1
Nc6 9. Qc2 Nb4 10. Qd1 Nxd3 11. Qxd3 Bxf3 12. gxf3 d5 13. e4 dxc4 14. Qxc4
cxd4 15. Ne2 e5 16. Qd3 Qd7 17. f4 Qg4+ 18. Kh1 exf4 19. Bxf4 Rfe8 20. Rg1 Qh4
21. e5 Ng4 22. Bg3 Nxf2+ 23. Bxf2 Qxf2 24. Nxd4 Bc5 25. Rxg7+ Kxg7 26. Nf5+
Kh8 27. Rf1 Qxb2 28. Nh6 Rf8 29. Nxf7+ Rxf7 30. Rxf7 Qc1+ 31. Rf1 Qg5 32. Qe4
Rg8 33. Qe1 Qg2# 0-1

[Event "22nd Hampstead: Under 2200"]
[Site "London, England"]
[Date "2014.10.25"]
[Round "2"]
[White "Jain, Gautam"]
[Black "Potel, Zachary"]
[Result "1-0"]
[WhiteElo "1735"]
[BlackElo "1412"]

1. e4 e5 2. Nf3 Nf6 3. Nc3 Nc6 4. Bb5 Bc5 5. O-O O-O 6. d3 a6 7. Bxc6 bxc6 8.
Nxe5 Bd4 9. Nf3 Bxc3 10. bxc3 d5 11. e5 Nd7 12. Re1 Re8 13. d4 h6 14. Bf4 Nb6
15. a4 Nc4 16. Nd2 Nxd2 17. Qxd2 Qh4 18. Bg3 Qh5 19. Rab1 Bf5 20. Rb2 Rab8 21.
Reb1 Rxb2 22. Rxb2 a5 23. Rb1 Qg6 24. Rb2 Ra8 25. Qe2 Ra7 26. h4 Be4 27. Kh2
Kf8 28. f3 Qh5 29. Qf2 Bf5 30. Bf4 g5 31. g4 Qxh4+ 32. Qxh4 gxh4 33. gxf5 Kg7
34. Rb8 f6 35. e6 Ra6 36. e7 Rb6 37. Rxb6 cxb6 38. e8=Q h5 39. Bh6+ Kh7 40.
Qf7+ Kxh6 41. Qg6# 1-0

[Event "22nd Hampstead: Under 2200"]
[Site "London, England"]
[Date "2014.10.25"]
[Round "2"]
[White "Pattni, Kishan"]
[Black "Klingher, Cameron"]
[Result "1-0"]
[WhiteElo "1696"]
[BlackElo "1405"]

1. e4 c5 2. d4 cxd4 3. Bc4 Nc6 4. c3 g6 5. cxd4 Bg7 6. Nf3 d6 7. O-O Bg4 8.
Bxf7+ Kxf7 9. Ng5+ Ke8 10. Qxg4 Nf6 11. Qe6 Rf8 12. Qb3 Nxd4 13. Qa4+ Nc6 14.
Ne6 Qd7 15. Nxf8 Kxf8 16. Nc3 Rd8 17. f4 Ng4 18. f5 Bd4+ 19. Kh1 Nf2+ 20. Rxf2
Bxf2 21. Bh6+ Ke8 22. fxg6 hxg6 23. Rf1 Qg4 24. Rxf2 a6 25. Nd5 Kd7 26. Qb3 b5
27. Qc2 Rb8 28. Rf7 Ke8 29. Rf8+ Kd7 30. Rxb8 Nxb8 31. Qc7+ Ke6 32. Qxe7# 1-0

[Event "22nd Hampstead: Under 2200"]
[Site "London, England"]
[Date "2014.10.25"]
[Round "2"]
[White "Isaksen, Peter A"]
[Black "Hung, Jake"]
[Result "1/2-1/2"]
[WhiteElo "1540"]
[BlackElo "1683"]

1. e4 c6 2. d4 d5 3. exd5 cxd5 4. c4 Nf6 5. Nc3 e6 6. Bg5 Be7 7. Nf3 Nbd7 8.
Bd3 dxc4 9. Bxc4 a6 10. O-O b5 11. Bb3 Bb7 12. Qd3 Nc5 13. Qc2 Nxb3 14. Qxb3
O-O 15. Ne2 Rc8 16. Rac1 Bd5 17. Rxc8 Qxc8 18. Qd3 Bc4 19. Qc2 Qb7 20. Nf4
Bxf1 21. Kxf1 Rc8 22. Qd3 Rc1+ 23. Ke2 Qc7 24. Kd2 Bb4+ 25. Ke2 Rc2+ 26. Kd1
Rc1+ 27. Ke2 Ng4 28. Nh3 Qc2+ 29. Qxc2 Rxc2+ 30. Kd3 Rxb2 31. a4 bxa4 32. Bc1
Rb3+ 33. Kc4 a5 34. Bf4 a3 35. Kxb3 a4+ 36. Ka2 Nf6 37. Nd2 Nd5 38. Ne4 f5 39.
Nc5 Nc3+ 40. Ka1 Nb5 41. Nxe6 Bc3+ 42. Ka2 Bb2 43. Bd2 Kf7 44. Nhf4 h6 45. h4
Kf6 46. Nc5 Bxd4 47. Be3 Nc3+ 48. Kxa3 Bxe3 49. fxe3 g5 50. hxg5+ hxg5 51.
Nfd3 Nd5 {#d} 1/2-1/2

[Event "22nd Hampstead: Under 2200"]
[Site "London, England"]
[Date "2014.10.25"]
[Round "2"]
[White "Ngulube, Michael"]
[Black "Vanguelova, Ralitza"]
[Result "1-0"]
[WhiteElo "1660"]
[BlackElo "1270"]

1. d4 Nf6 2. c4 g6 3. Nc3 Bg7 4. e4 d6 5. Nf3 O-O 6. Be2 c5 7. d5 e6 8. O-O
exd5 9. cxd5 Re8 10. Qc2 a6 11. a4 b5 12. axb5 axb5 13. Rxa8 Bb7 14. Ra1 b4
15. Nb5 Nxe4 16. Bd3 Bxd5 17. Re1 f5 18. Bf4 Bf8 19. Nd2 Nc6 20. Nxe4 fxe4 21.
Bxe4 Bxe4 22. Rxe4 Rxe4 23. Qxe4 Be7 24. Qxc6 g5 25. Ra8 Qxa8 26. Qxa8+ Kg7
27. Bxd6 Bf6 28. Qf8+ Kg6 29. g4 Bxb2 30. Qe8+ Kf6 31. Qe7+ Kg6 32. Nc7 b3 33.
Ne8 h5 34. Qe6+ Kh7 35. gxh5 g4 36. Be5 Bc1 37. Qg6# 1-0

[Event "22nd Hampstead: Under 2200"]
[Site "London, England"]
[Date "2014.10.25"]
[Round "2"]
[White "Rajesh, Gorak"]
[Black "Hinterreither, Nikolai"]
[Result "0-1"]
[WhiteElo "1529"]
[BlackElo "1652"]

1. e4 c5 2. Nf3 Nc6 3. Bb5 g6 4. Bxc6 dxc6 5. d3 Bg7 6. Nc3 Nf6 7. Be3 b6 8.
h3 O-O 9. O-O Qc7 10. Qd2 e5 11. Nh2 Nh5 12. Ne2 Rd8 13. f4 exf4 14. Nxf4 Nxf4
15. Bxf4 Qe7 16. Bg5 f6 17. Bh6 c4 18. Bxg7 Kxg7 19. Rf3 Qxe4 20. Rf4 Qd5 21.
Qf2 cxd3 22. cxd3 f5 23. Rf3 Ba6 24. Rd1 Qd4 25. Re3 Qd6 26. Qh4 Re8 27. Rde1
Rxe3 28. Rxe3 Rf8 29. Nf3 h6 30. Qd4+ Qxd4 31. Nxd4 Rc8 32. Re7+ Kg8 33. Rxa7
Bxd3 34. Rd7 Bc4 35. a3 Bf7 36. Rd6 c5 37. Nc6 Kf8 38. Ne5 b5 39. Nxg6+ Bxg6
40. Rxg6 Rd8 41. Rf6+ Kg7 42. Rxf5 Rd1+ 43. Rf1 Rd3 44. Rf2 Rb3 45. Rc2 c4 46.
Kh2 Kf6 47. Re2 Kg5 48. Rc2 Kf4 49. a4 c3 50. Rxc3 Rxc3 51. bxc3 bxa4 {#R} 0-1

[Event "22nd Hampstead: Under 2200"]
[Site "London, England"]
[Date "2014.10.25"]
[Round "2"]
[White "Desai, Nilomi"]
[Black "Gladstone, Joel"]
[Result "1/2-1/2"]
[WhiteElo "1405"]
[BlackElo "1615"]

1. d4 e6 2. c4 f5 3. Nf3 Nf6 4. Bf4 Be7 5. e3 O-O 6. Bd3 d6 7. O-O Qe8 8. Nc3
Na6 9. Qb3 b6 10. e4 Kh8 11. e5 Nh5 12. Be3 Bb7 13. d5 dxe5 14. Nxe5 f4 15.
Bd4 Bf6 16. Rfe1 Bxe5 17. Rxe5 f3 18. Rxe6 Qf7 19. g3 Nf4 20. Re3 Nxd3 21.
Rxd3 Qf5 22. Nd1 c5 23. Ne3 Qh5 24. Bc3 Rae8 25. Qd1 Rf4 26. Qf1 Rfe4 27. Re1
Bc8 28. Kh1 Bh3 29. Qg1 Rxe3 30. Rdxe3 Bg2+ 31. Qxg2 fxg2+ 32. Kxg2 Rxe3 33.
Rxe3 h6 34. Re7 Qg4 35. h3 Qg6 36. Rxa7 Qe4+ 37. Kh2 Qf3 {#d} 1/2-1/2

[Event "22nd Hampstead: Under 2200"]
[Site "London, England"]
[Date "2014.10.25"]
[Round "2"]
[White "Gelain-Sohn, Emmanuelle"]
[Black "Gribben, Chris"]
[Result "0-1"]
[WhiteElo "1285"]
[BlackElo "1586"]

1. d4 d5 2. c4 Nf6 3. Nf3 dxc4 4. a4 e6 5. Bf4 Nc6 6. e3 Nd5 7. Bg3 Bd6 8.
Bxc4 Bxg3 9. hxg3 Nf6 10. Nc3 h6 11. O-O O-O 12. e4 Ne7 13. Qe2 b6 14. e5 Nfd5
15. Qe4 Bb7 16. Bd3 Ng6 17. Rad1 Nxc3 18. Qxb7 Nxd1 19. Rxd1 Qe7 20. Qe4 f5
21. exf6 Qxf6 22. Rd2 Kf7 23. Ne5+ Nxe5 24. dxe5 Qg5 25. Rc2 Rac8 26. Rc6 Rfd8
27. Qf3+ Kg8 28. Rxe6 Rf8 29. Qd5 Rcd8 30. Rxh6+ Rxd5 31. Bh7+ Kf7 32. e6+ Ke7
33. Rg6 Rd1+ 34. Kh2 Qh5# 0-1

[Event "22nd Hampstead: Under 2200"]
[Site "London, England"]
[Date "2014.10.25"]
[Round "3"]
[White "Rogers, Tim L"]
[Black "Barasi, Paul DI"]
[Result "1-0"]
[WhiteElo "2035"]
[BlackElo "1865"]

1. e4 c5 2. Nf3 a6 3. c3 g6 4. d4 cxd4 5. cxd4 d5 6. exd5 Nf6 7. Nc3 Nxd5 8.
Bc4 Nxc3 9. bxc3 Bg7 10. O-O O-O 11. Ba3 Nc6 12. Ng5 Qa5 13. Bc5 b6 14. Nxf7
bxc5 15. Ne5+ e6 16. Nxc6 Qc7 17. d5 exd5 18. Ne7+ Qxe7 19. Bxd5+ Be6 20. Re1
Rad8 21. Rxe6 Rxd5 22. Rxe7 Rxd1+ 23. Rxd1 Bxc3 24. Kf1 Bd4 25. f3 Rb8 26. Ke2
a5 27. Kd3 Bf6 28. Rd7 Rb4 29. Re1 Rb8 30. Re2 h5 31. Re3 Bd4 32. Re6 Kf8 33.
Ra6 {#r} 1-0

[Event "22nd Hampstead: Under 2200"]
[Site "London, England"]
[Date "2014.10.25"]
[Round "3"]
[White "Prior, Stephen CV"]
[Black "Jekel, Wolfgang"]
[Result "1/2-1/2"]
[WhiteElo "2028"]
[BlackElo "1812"]

1. e4 d5 2. exd5 Qxd5 3. Nc3 Qd6 4. d4 c6 5. Nf3 Nf6 6. Ne5 Nbd7 7. f4 Nd5 8.
Ne4 Qc7 9. Bd3 g6 10. O-O Nxe5 11. fxe5 Bf5 12. c4 Bxe4 13. Bxe4 Nb6 14. c5
Nd5 15. Bxd5 cxd5 16. e6 f5 17. b4 Bg7 18. b5 a6 19. b6 Qc6 20. Re1 O-O 21.
Bg5 Rae8 22. Qd2 Bf6 23. Bh6 Bg7 24. Bxg7 Kxg7 25. Re5 Rf6 26. Rae1 Rd8 27.
Qf4 h6 28. h4 h5 29. R1e3 Kh7 30. a3 Rdf8 31. Kh2 Rd8 32. Kh3 Rdf8 33. Kh2 Rd8
34. Rg3 Rdf8 35. Kh1 Rd8 36. Rg5 Rdf8 37. Qf3 Rd8 38. Kh2 Rff8 39. Qg3 Rf6 40.
Qf3 Kh6 41. Qf4 Kh7 42. Qe3 Rdf8 43. Qe2 Kh6 44. Kh3 Kh7 45. Qf3 Rd8 46. Re3
Rdf8 47. Qe2 Kh6 48. Qe1 Kh7 49. Re2 Kh6 50. Rg3 Kh7 51. Re5 Kh6 52. Qe2 Kh7
53. Qf3 Rd8 54. Kh2 Kh6 55. Rg5 Kh7 56. Qe2 Rdf8 57. Kg1 Kh6 58. Qd2 Kh7 59.
Qe1 Kh6 60. Kh2 {#d} 1/2-1/2

[Event "22nd Hampstead: Under 2200"]
[Site "London, England"]
[Date "2014.10.25"]
[Round "3"]
[White "Huang, Dion"]
[Black "Willmoth, Robert"]
[Result "0-1"]
[WhiteElo "1844"]
[BlackElo "2176"]

1. d4 d6 2. Nf3 Bg4 3. e3 Nf6 4. Be2 Nbd7 5. O-O e5 6. dxe5 dxe5 7. b3 Bd6 8.
Bb2 Qe7 9. c4 a5 10. Nc3 c6 11. Qc2 O-O 12. h3 Bh5 13. Rfd1 Rfe8 14. Nd2 Bg6
15. e4 Nc5 16. Bf3 Ne6 17. Ne2 Ng5 18. Ng3 Bc5 19. Be2 Rad8 20. h4 Bxf2+ 21.
Kxf2 Rxd2 22. Rxd2 Ngxe4+ 23. Nxe4 Nxe4+ 24. Kg1 Qxh4 25. Rd3 Qf2+ 26. Kh2 Ng3
27. Rf3 Qxe2 28. Qxe2 Nxe2 29. Re1 f6 30. g4 Nd4 31. Rf2 c5 32. Kg3 Kf7 33.
Bc3 b6 34. Rd2 h5 35. gxh5 Bxh5 36. Rf2 Bg6 37. Rd2 f5 {#R} 0-1

[Event "22nd Hampstead: Under 2200"]
[Site "London, England"]
[Date "2014.10.25"]
[Round "3"]
[White "Rubeck, Jonathan"]
[Black "Villiers, Tom"]
[Result "0-1"]
[WhiteElo "1800"]
[BlackElo "2050"]

1. e4 Nf6 2. e5 Nd5 3. c3 d6 4. d4 Nc6 5. Bb5 Bd7 6. Bxc6 Bxc6 7. c4 Nb6 8. d5
Bd7 9. e6 fxe6 10. dxe6 Bxe6 11. b3 Qd7 12. Bb2 Qc6 13. Qh5+ Bf7 14. Qg4 e5
15. Nf3 Qd7 16. Qg3 O-O-O 17. Na3 Rg8 18. O-O-O g6 19. Nxe5 Bh6+ 20. f4 Qf5
21. Nd3 g5 22. Kb1 gxf4 23. Qf2 Bh5 24. Rd2 f3 25. Rdd1 Rxg2 26. Qd4 f2 27.
Rdf1 Be2 28. Rxf2 Bxd3+ 29. Ka1 {#R} 0-1

[Event "22nd Hampstead: Under 2200"]
[Site "London, England"]
[Date "2014.10.25"]
[Round "3"]
[White "Hayward, Alan"]
[Black "Finnegan, Oliver"]
[Result "1-0"]
[WhiteElo "1973"]
[BlackElo "1838"]

1. d4 e6 2. Nc3 Bb4 3. e4 Bxc3+ 4. bxc3 Ne7 5. Qg4 Ng6 6. h4 h5 7. Qg3 c5 8.
Bd3 e5 9. dxe5 Nc6 10. f4 Qe7 11. Nf3 c4 12. Bxc4 b5 13. Bd5 Bb7 14. Ng5 O-O-O
15. Nxf7 Nxf4 16. Bxf4 Rhf8 17. Nd6+ Kb8 18. Bg5 Qxe5 19. Qxe5 Nxe5 20. Nxb7
{#r} 1-0

[Event "22nd Hampstead: Under 2200"]
[Site "London, England"]
[Date "2014.10.25"]
[Round "3"]
[White "Briggs, John Nicholas"]
[Black "Pollack, Oscar"]
[Result "1-0"]
[WhiteElo "1955"]
[BlackElo "1774"]

1. Nf3 d5 2. d4 Nf6 3. c4 c6 4. cxd5 cxd5 5. Nc3 Nc6 6. Bf4 Bg4 7. Ne5 Bf5 8.
e3 Rc8 9. Bb5 e6 10. Nxc6 bxc6 11. Ba6 Be7 12. Bxc8 Qxc8 13. O-O O-O 14. h3 h6
15. Na4 Ne4 16. Rc1 g5 17. Be5 f6 18. Bh2 Qe8 19. f3 Nd6 20. Re1 Nc4 21. b3
Na3 22. Nc5 Qg6 23. e4 Bxc5 24. exf5 Bxd4+ 25. Qxd4 Qxf5 26. Qg4 Qd3 27. Qxe6+
Kg7 28. Qe7+ Rf7 29. Qxa3 Qd4+ 30. Kh1 f5 31. Be5+ {#r} 1-0

[Event "22nd Hampstead: Under 2200"]
[Site "London, England"]
[Date "2014.10.25"]
[Round "3"]
[White "Landau, Jonathan"]
[Black "Woltery, Nicolai"]
[Result "1-0"]
[WhiteElo "1945"]
[BlackElo "1755"]

1. e4 c5 2. Nc3 Nc6 3. f4 g6 4. Nf3 Bg7 5. Bb5 e6 6. e5 Nge7 7. Ne4 O-O 8.
Bxc6 bxc6 9. Nxc5 d6 10. Nb3 Ba6 11. d3 Qc7 12. Qe2 d5 13. Be3 Nf5 14. Bc5
Rfe8 15. O-O Bf8 16. Bxf8 Rxf8 17. Rfe1 Rad8 18. g4 Ng7 19. Qe3 Qb6 20. d4 Bc4
21. Nfd2 a5 22. Qc3 Qb4 23. Nxa5 Qxc3 24. bxc3 Bb5 25. a4 Ba6 26. Nxc6 Rd7 27.
Reb1 Rc7 28. Nb4 Be2 29. h3 Rxc3 30. Rb3 Rxb3 31. Nxb3 Rb8 32. Nc6 Rb6 33.
Ne7+ Kf8 34. a5 Rb8 35. Nc6 Rc8 36. Nb4 Rb8 37. a6 Bxa6 38. Nxa6 Ra8 39. Nbc5
Ke7 40. Rb1 Ra7 41. Kf2 h5 42. Kg3 hxg4 43. hxg4 f6 44. Kh4 f5 45. Nb8 Rc7 46.
Rb6 Kf7 47. Nba6 Re7 48. Nb7 Rd7 49. Nd6+ Ke7 50. Nc5 Rd8 51. Rb7+ Kf8 52.
Rxg7 Kxg7 53. Nxe6+ Kg8 54. Nxd8 fxg4 55. Kxg4 Kf8 56. Nc6 Kg7 57. Kg5 Kh7 58.
e6 Kg7 59. e7 Kh7 60. e8=Q Kg7 61. Qxg6+ Kf8 62. Qf7# 1-0

[Event "22nd Hampstead: Under 2200"]
[Site "London, England"]
[Date "2014.10.25"]
[Round "3"]
[White "Ponting, Andrew"]
[Black "Chapman, Nigel"]
[Result "0-1"]
[WhiteElo "1891"]
[BlackElo "1769"]

1. d4 Nf6 2. c4 e6 3. g3 d5 4. Bg2 Be7 5. Nf3 O-O 6. O-O dxc4 7. Ne5 Nc6 8.
Bxc6 bxc6 9. Nxc6 Qe8 10. Nxe7+ Qxe7 11. Qa4 Nd5 12. Qxc4 a5 13. a3 Ba6 14.
Qc2 Rfc8 15. Rd1 c5 16. dxc5 Rxc5 17. Qe4 Bb7 18. Qd4 e5 19. Qd3 Ba6 20. Qd2
Bb7 21. e4 Nf6 22. f3 h5 23. Nc3 Rac8 24. Qd6 Qe8 25. Bg5 R5c6 26. Qd2 Nh7 27.
Be3 Nf8 28. Rac1 Qe6 29. Qd5 Qh3 30. Qxe5 Re6 31. Qxa5 h4 32. Qh5 Ng6 33. Nd5
Re5 34. Qg4 Qxg4 35. fxg4 Rxe4 36. Rxc8+ Bxc8 37. h3 hxg3 38. Bg5 Re2 39. b4
Bb7 40. h4 f6 41. h5 Ne5 42. Be3 Bxd5 43. Rxd5 Rxe3 44. Kg2 Rxa3 45. g5 Kf7
46. g6+ Nxg6 47. hxg6+ Kxg6 48. b5 Rb3 49. Rc5 f5 50. b6 Rxb6 51. Kxg3 Rb4 52.
Rc7 Kf6 53. Rc6+ Kg5 54. Rc3 g6 55. Kf2 Re4 56. Rg3+ Kf6 57. Ra3 g5 58. Ra6+
Re6 59. Ra8 g4 60. Rf8+ Kg5 61. Kg3 Re3+ 62. Kf2 Rf3+ 63. Kg2 Kf4 64. Ra8 Re3
65. Ra4+ Re4 66. Ra2 g3 67. Rb2 Kg4 68. Rb8 Re2+ 69. Kf1 Rc2 70. Rb4+ f4 71.
Rb3 f3 72. Rb4+ Kh3 {#R} 0-1

[Event "22nd Hampstead: Under 2200"]
[Site "London, England"]
[Date "2014.10.25"]
[Round "3"]
[White "Paveliuc, Alin-Dumitru"]
[Black "Snook-Lumb, Chris"]
[Result "1/2-1/2"]
[WhiteElo "1878"]
[BlackElo "1640"]

1. e4 c5 2. Nf3 d6 3. d4 cxd4 4. Nxd4 Nf6 5. Nc3 a6 6. Bc4 e6 7. Bb3 Be7 8.
Be3 O-O 9. Qe2 b5 10. f3 Bb7 11. O-O-O Nbd7 12. g4 Nc5 13. Rhg1 Nxb3+ 14. axb3
Qa5 15. Kb1 Rfc8 16. Nf5 exf5 17. gxf5 Rxc3 18. bxc3 Qxc3 19. Bd4 Qc8 20. Bxf6
Bxf6 21. Rxd6 {#d} 1/2-1/2

[Event "22nd Hampstead: Under 2200"]
[Site "London, England"]
[Date "2014.10.25"]
[Round "3"]
[White "Jacob, Sydney J"]
[Black "Wu, Haotian"]
[Result "1-0"]
[WhiteElo "1885"]
[BlackElo "1612"]

1. c4 e6 2. g3 f5 3. Bg2 Nf6 4. Nc3 Be7 5. d3 d6 6. Nf3 O-O 7. O-O Nc6 8. e3
Bd7 9. a3 a5 10. b3 e5 11. Bb2 Qc8 12. Nd5 Be8 13. Ng5 Bf7 14. Nxf6+ Bxf6 15.
Nxf7 Kxf7 16. Bd5+ Ke7 17. f4 Nd8 18. Qh5 c6 19. Bg2 e4 20. Bxf6+ Rxf6 21.
dxe4 fxe4 22. Qxh7 Ne6 23. Qxe4 Kf7 24. Bh3 Rh6 25. Bxe6+ Qxe6 26. Qxe6+ Rxe6
27. Kf2 Rh8 28. h4 Rhe8 29. Rfe1 Kf6 30. Rad1 Kf5 31. Kf3 g6 32. g4+ Kf6 33.
e4 Kf7 34. a4 b6 35. Rd2 R8e7 36. Rde2 Rd7 37. f5 Re5 38. Kf4 Ree7 39. Rd2
gxf5 40. Kxf5 Re5+ 41. Kf4 Ke6 42. Red1 Rf7+ 43. Ke3 Rd7 44. g5 b5 45. cxb5
cxb5 46. Rd5 bxa4 47. bxa4 Rxd5 48. Rxd5 Rh7 49. Rxa5 Rxh4 50. Rf5 Rh3+ 51.
Kd4 Rh1 52. Kc4 Re1 53. Rf6+ Ke5 54. Rf8 Rxe4+ 55. Kb5 Rg4 56. Rg8 d5 57. a5
d4 58. Re8+ Kf5 59. a6 Rxg5 60. Kb6 Rg6+ 61. Kb7 Rg7+ 62. Kb8 {#r} 1-0

[Event "22nd Hampstead: Under 2200"]
[Site "London, England"]
[Date "2014.10.25"]
[Round "3"]
[White "Pattni, Kishan"]
[Black "Misyura, Ilya"]
[Result "1-0"]
[WhiteElo "1696"]
[BlackElo "1666"]

1. d4 Nf6 2. c4 g6 3. Nc3 Bg7 4. e4 d6 5. Bd3 O-O 6. Nge2 Nc6 7. O-O Nd7 8.
Be3 e5 9. d5 Ne7 10. Ng3 f5 11. exf5 gxf5 12. f4 e4 13. Be2 Nf6 14. Rc1 a6 15.
Qe1 Qe8 16. Bd1 Qg6 17. Nce2 Qf7 18. Nd4 Kh8 19. Nh1 Rg8 20. Nf2 Bf8 21. Nh3
h6 22. Rc3 Ng4 23. Bxg4 Rxg4 24. Ne2 Bg7 25. Bd4 Bxd4+ 26. Nxd4 Qg7 27. Qf2
Bd7 28. Rd1 Rg8 29. g3 Qg6 30. Kh1 Qh5 31. Ng1 Rxg3 32. Rxg3 Rxg3 33. Qxg3
Qxd1 34. Nde2 Qc2 35. Qh4 Ng8 36. Qd8 Ba4 37. b3 Bxb3 38. axb3 Qxb3 39. Qxc7
Qd3 40. Qxd6 e3 41. Qe5+ Kh7 42. Kg2 Qxc4 43. Qxf5+ Kh8 44. Qe5+ Kh7 45. d6 b5
46. Qf5+ Kg7 47. d7 Qc6+ 48. Nf3 Qb6 49. Ned4 e2 50. Ne6+ Kh8 51. Qe5+ {#r}
1-0

[Event "22nd Hampstead: Under 2200"]
[Site "London, England"]
[Date "2014.10.25"]
[Round "3"]
[White "Ivanov, Elizabeth"]
[Black "Grundy, Thomas"]
[Result "0-1"]
[WhiteElo "1589"]
[BlackElo "1806"]

1. e4 e5 2. Nf3 Nc6 3. d4 exd4 4. Bc4 Nf6 5. e5 d5 6. Bb5 Ne4 7. Nxd4 Bd7 8.
Bxc6 bxc6 9. O-O Bc5 10. c3 O-O 11. Nd2 Nxd2 12. Bxd2 Qh4 13. Nf3 Qh5 14. Ng5
Qg6 15. Bf4 Rae8 16. Kh1 h6 17. Nf3 f6 18. Bg3 Bg4 19. Re1 Bxf3 20. gxf3 fxe5
21. Bxe5 Qf5 22. Bg3 Rxe1+ 23. Qxe1 Qxf3+ 24. Kg1 Qg4 25. Kh1 h5 {#R} 0-1

[Event "22nd Hampstead: Under 2200"]
[Site "London, England"]
[Date "2014.10.25"]
[Round "3"]
[White "Bishop, Geoffrey L"]
[Black "Ngulube, Michael"]
[Result "0-1"]
[WhiteElo "1804"]
[BlackElo "1660"]

1. e4 e5 2. Nf3 Nc6 3. Bb5 a6 4. Ba4 Nf6 5. O-O Be7 6. Bxc6 dxc6 7. Nxe5 Nxe4
8. d4 O-O 9. Nc3 Nxc3 10. bxc3 f6 11. Nd3 Qd5 12. Re1 Bd6 13. Bf4 Bf5 14. Bxd6
Qxd6 15. Qf3 Bxd3 16. cxd3 b6 17. Re4 Qa3 18. c4 Qb2 19. Rae1 Rad8 20. d5 cxd5
21. cxd5 Qxa2 22. Re7 Qxd5 23. Qg3 Rf7 24. h3 Qd6 25. Qxd6 Rxd6 26. Re8+ Rf8
27. R8e7 Rc8 28. R1e3 a5 29. Rg3 g6 30. h4 f5 31. h5 c5 32. h6 Rcd8 33. Rg7+
Kh8 34. Re3 g5 35. Rxg5 Rxh6 36. Rxf5 Rhd6 37. Kf1 Rxd3 38. Rxd3 Rxd3 39. Ke2
Rd6 40. Rf7 c4 41. Rc7 b5 42. Rc5 Rb6 43. Kd2 a4 44. Kc3 a3 45. Rc8+ Kg7 46.
Ra8 b4+ 47. Kxc4 b3 {#R} 0-1

[Event "22nd Hampstead: Under 2200"]
[Site "London, England"]
[Date "2014.10.25"]
[Round "3"]
[White "Gribben, Chris"]
[Black "Jain, Gautam"]
[Result "1/2-1/2"]
[WhiteElo "1586"]
[BlackElo "1735"]

1. e4 e5 2. Nf3 Nc6 3. Bb5 a6 4. Bxc6 dxc6 5. O-O Bd6 6. d4 exd4 7. Qxd4 f6 8.
Re1 Ne7 9. e5 fxe5 10. Nxe5 O-O 11. Qc4+ Nd5 12. Nc3 Qf6 13. Nf3 Be6 14. Bg5
Qf7 15. Qd3 Rae8 16. Re2 Nf4 17. Bxf4 Bxf4 18. Qd1 Bg4 19. Rxe8 Qxe8 20. Qe1
Qh5 21. h3 Bxf3 22. Qe6+ Kh8 23. gxf3 Qxf3 24. Qg4 Bd6 25. Qxf3 Rxf3 26. Kg2
Rf5 27. Re1 Re5 28. Re4 Rxe4 29. Nxe4 Kg8 30. c4 Kf7 31. Kf3 h6 32. a4 Ke6 33.
Ke3 Kf5 34. b3 g5 35. f3 Bf4+ 36. Ke2 b6 37. Nf2 Ke5 38. Kd3 Bg3 39. Ng4+ Kf4
40. Ke2 Bh4 41. Nxh6 Kg3 42. Ng4 Kxh3 43. Ne5 c5 44. Ng4 Kg3 45. Ke3 Kg2 46.
Ke2 Bg3 47. Nf6 Bd6 48. Ng4 Kg3 49. Ke3 Bf4+ 50. Ke2 Kh4 51. Nf6 Bd6 52. Ng4
Kh5 53. Ke3 Kg6 54. Ke4 Kf7 55. Kf5 Bf4 56. Nf2 Kg7 {#d} 1/2-1/2

[Event "22nd Hampstead: Under 2200"]
[Site "London, England"]
[Date "2014.10.25"]
[Round "3"]
[White "Wen, Jackson"]
[Black "Seman, Myroslav"]
[Result "1/2-1/2"]
[WhiteElo "1703"]
[BlackElo "1479"]

1. e4 e5 2. Nc3 Nf6 3. f4 d6 4. Nf3 Bg4 5. Bc4 Nc6 6. h3 Bxf3 7. Qxf3 Nd4 8.
Qd1 exf4 9. d3 g5 10. Ne2 Nxe2 11. Qxe2 Bg7 12. Bd2 Qe7 13. O-O-O O-O-O 14. h4
h6 15. Rhe1 Nd7 16. Bb4 c5 17. Ba5 b6 18. Bd2 Be5 19. Bd5 Nb8 20. Kb1 a6 21.
c3 Kd7 22. Qf2 Nc6 23. d4 cxd4 24. Bxc6+ Kxc6 25. cxd4 Bg7 26. Bb4 a5 27. Ba3
Qf6 28. Ka1 Kb7 29. Qf3 Ka7 30. e5 dxe5 31. dxe5 Qe6 32. Bd6 Rhe8 33. Qc6 Rc8
34. Qb5 Qc4 35. Bb8+ Kxb8 36. Qxb6+ Ka8 37. Qxa5+ Kb8 38. Qb6+ Ka8 39. Qa5+
Kb8 40. Qb6+ {#d} 1/2-1/2

[Event "22nd Hampstead: Under 2200"]
[Site "London, England"]
[Date "2014.10.25"]
[Round "3"]
[White "Giles, Yasmin"]
[Black "Isaksen, Peter A"]
[Result "1-0"]
[WhiteElo "1888"]
[BlackElo "1540"]

1. e4 e5 2. Nf3 Nc6 3. d4 exd4 4. Nxd4 Bc5 5. c3 Nf6 6. Nxc6 bxc6 7. Bd3 O-O
8. O-O d5 9. e5 Ng4 10. Bf4 Re8 11. Qc2 h6 12. b4 Bb6 13. Qe2 Qe7 14. Nd2 d4
15. Qe4 g6 16. Nc4 Bf5 17. Qf3 Bxd3 18. Qxd3 Rad8 19. h3 Nxf2 20. Rxf2 dxc3
21. Qxc3 Bd4 22. Qe1 Bxa1 23. Qxa1 Qxb4 24. Bxh6 Re6 25. Qf1 Rd7 26. Rf6 Rde7
27. Qd3 Qb8 28. h4 Rxf6 29. exf6 Re6 30. Bg7 c5 31. Qd2 Qe8 32. Qh6 Re1+ 33.
Kh2 {#r} 1-0